Africa/ (Record no. 28816)
[ view plain ]
| 000 -LEADER | |
|---|---|
| fixed length control field | 00704nam a2200193Ia 4500 |
| 008 - FIXED-LENGTH DATA ELEMENTS--GENERAL INFORMATION | |
| fixed length control field | 081213s9999 xx 000 0 und d |
| 020 ## - INTERNATIONAL STANDARD BOOK NUMBER | |
| International Standard Book Number | 0879674938 |
| 050 ## - LIBRARY OF CONGRESS CALL NUMBER | |
| Classification number | DT30.2 |
| Item number | .G56 1985 |
| 245 ## - TITLE STATEMENT | |
| Title | Africa/ |
| Statement of responsibility, etc | edited by Jane Martin |
| 260 ## - PUBLICATION, DISTRIBUTION, ETC. (IMPRINT) | |
| Date of publication, distribution, etc | 1985 |
| Place of publication, distribution, etc | Guilford |
| Name of publisher, distributor, etc | Dushkin Publishing Group |
| 300 ## - PHYSICAL DESCRIPTION | |
| Other physical details | ill.; maps ; |
| Extent | xii,244 p.; |
| Dimensions | 28 cm. |
| 440 ## - SERIES STATEMENT/ADDED ENTRY--TITLE | |
| Title | Global studies series |
| 500 ## - GENERAL NOTE | |
| General note | includes bibliography and index |
| 650 ## - SUBJECT ADDED ENTRY--TOPICAL TERM | |
| Topical term or geographic name as entry element | Africa. |
| 650 ## - SUBJECT ADDED ENTRY--TOPICAL TERM | |
| Topical term or geographic name as entry element | Africa Politics and government 1960- |
| 700 ## - ADDED ENTRY--PERSONAL NAME | |
| Personal name | Martin, Jane J. |
| 942 ## - ADDED ENTRY ELEMENTS (KOHA) | |
| Item type | Book |
| Source of classification or shelving scheme | Library of Congress Classification |
| Withdrawn status | Lost status | Source of classification or shelving scheme | Damaged status | Not for loan | Collection code | Home library | Current library | Shelving location | Date acquired | Source of acquisition | Total Checkouts | Full call number | Barcode | Date last borrowed | Copy number | Price effective from | Koha item type |
|---|---|---|---|---|---|---|---|---|---|---|---|---|---|---|---|---|---|
| Library of Congress Classification | Non-fiction | Bishop Okullu Memorial Library (Limuru Campus) | Bishop Okullu Memorial Library (Limuru Campus) | General Circulation | 15/12/2008 | purchase | 1 | DT30.2.G56 1985 | 023363 | 29/10/2012 | 1 | 15/12/2008 | Book |